000 00270nam a2200109Ia 4500
008 200302s9999 xx 000 0 und d
100 _aM H Sayed
245 _aConcept and Perception of Global warming
260 _bShubhi Publication
260 _c2009
300 _a362 P.,
999 _c3985
_d3985